THE NAKED TRIANGLE (Record no. 87382)

MARC details
000 -LEADER
fixed length control field 00440nam a2200181Ia 4500
008 - FIXED-LENGTH DATA ELEMENTS--GENERAL INFORMATION
fixed length control field 090124s9999 xx 000 0 und d
082 ## - DEWEY DECIMAL CLASSIFICATION NUMBER
Item number 13058
100 ## - MAIN ENTRY--PERSONAL NAME
Personal name GARGI BALWANT
245 ## - TITLE STATEMENT
Title THE NAKED TRIANGLE
250 ## - EDITION STATEMENT
Edition statement 0
260 ## - PUBLICATION, DISTRIBUTION, ETC. (IMPRINT)
Name of publisher, distributor, etc VIKAS PUBLISHING HOUSE PVT LTD
Date of publication, distribution, etc 1979
300 ## - PHYSICAL DESCRIPTION
Extent 168
600 ## - SUBJECT ADDED ENTRY--PERSONAL NAME
Personal name GARGI BALWANT
630 ## - SUBJECT ADDED ENTRY--UNIFORM TITLE
Uniform title THE NAKED TRIANGLE
700 ## - ADDED ENTRY--PERSONAL NAME
Personal name GARGI BALWANT
730 ## - ADDED ENTRY--UNIFORM TITLE
Uniform title THE NAKED TRIANGLE
942 ## - ADDED ENTRY ELEMENTS (KOHA)
Koha item type Book
Holdings
Withdrawn status Lost status Damaged status Not for loan Home library Current library Date acquired Cost, normal purchase price Total Checkouts Full call number Barcode Date last seen Cost, replacement price Price effective from Koha item type
        Nagar Wachan Mandir, Thane Nagar Wachan Mandir, Thane   45.00   13058 THNNWM-13058 01/24/2009 45.00 01/24/2009 Book